000
00350nam a2200157Ia 4500
005
20250522003533.0
008
240331s9999 xx 000 0 und d
082
_a
301
_b
VAR
100
_a
WEC
245
0
_a
Vaarpugal
260
_a
Colombo
_b
Women's Education Centre
_c
1990
300
_a
32 p .,
650
_a
Women
650
_a
Gender
942
_c
L
999
_c
1049
_d
1049